000 00956nam a2200217 4500
005 20240530110954.0
008 221221s2022 ua g b 000 0 ara d
017 _a20402
_bمصر. دار الكتب
020 _a9789777334242
040 _aEG-CaGPL
_cEG-CaGPL
082 0 4 _221
_a953.073
_bح ح
100 0 _aحسن احمد عبدالرازق السمين
245 1 2 _aالحياة السياسية فى بلاد الشام خلال القرن الخامس الهجريا والحادى عشر ميلاديا /
_cحسن احمد عبدالرازق السمين
260 _aالاسكندرية :
_bدار التعليم الجامعى،
_c2022.
300 _a135 ص. ؛
_c24 سم.
504 _aيشتمل على ارجاعات ببليوجرافية
651 0 7 _2qrmak
_aالشام
_xتاريخ اسلامى
651 0 7 _2qrmak
_aالشام
_xالاحوال السياسية
942 _2ddc
_cBK
999 _c67059
_d67059